Управление интеллектуальным капиталом средств массовой информации (Запись № 11751401)
[ простой вид ]
| 000 -МАРКЕР | |
|---|---|
| контрольное поле | 02503nam0a2200385 4500 |
| 001 - ИДЕНТИФИКАТОР ЗАПИСИ | |
| контрольное поле | RU\NLR\BIBL_A\011450746 |
| 005 - ИДЕНТИФИКАТОР ВЕРСИИ | |
| контрольное поле | 20241115075424.0 |
| 010 ## - МЕЖДУНАРОДНЫЙ СТАНДАРТНЫЙ НОМЕР КНИГИ (ISBN) | |
| Номер (ISBN) | 9785446515189 |
| Тираж | 500 |
| 021 ## - НОМЕР ГОСУДАРСТВЕННОЙ РЕГИСТРАЦИИ | |
| Код страны | Российская Федерация |
| Номер | 2017-51501 |
| Номер Листа государственной регистраци | 3691 |
| 035 ## - ДРУГИЕ СИСТЕМНЫЕ НОМЕРА | |
| Идентификатор записи | (RuMoRGB)008935053 |
| 035 ## - ДРУГИЕ СИСТЕМНЫЕ НОМЕРА | |
| Идентификатор записи | (NLR Aleph) 011450746 |
| 100 ## - ДАННЫЕ ОБЩЕЙ ОБРАБОТКИ | |
| Данные общей обработки | 20170808d2017 k y0rusy50 ca |
| 101 0# - ЯЗЫК РЕСУРСА | |
| Язык текста, звукозаписи и т.д. | русский |
| 102 ## - СТРАНА ПУБЛИКАЦИИ ИЛИ ПРОИЗВОДСТВА | |
| Страна публикации | Российская Федерация |
| 105 ## - ПОЛЕ КОДИРОВАННЫХ ДАННЫХ: ТЕКСТОВЫЕ МАТЕРИАЛЫ, МОНОГРАФИЧЕСКИЕ | |
| Кодированные данные о монографическом текстовом документе | a zzzz000|1yy |
| 200 1# - ЗАГЛАВИЕ И СВЕДЕНИЯ ОБ ОТВЕТСТВЕННОСТИ | |
| Основное заглавие | Управление интеллектуальным капиталом средств массовой информации |
| Сведения, относящиеся к заглавию | монография |
| Первые сведения об ответственности | Бирюков Владимир Александрович, Баронин Михаил Сергеевич |
| Последующие сведения об ответственности | Министерство образования и науки Российской Федерации, Федеральное государственное бюджетное образовательное учреждение высшего образования "Московский политехнический университет" (Московский Политех) |
| 210 ## - ПУБЛИКАЦИЯ, РАСПРОСТРАНЕНИЕ И ДР. | |
| Место издания, распространения и т.д. | Москва |
| Имя издателя, распространителя и т. д. | Московский политехнический университет |
| Дата издания, распространения и т.д. | 2017 |
| 215 ## - ФИЗИЧЕСКАЯ ХАРАКТЕРИСТИКА | |
| Специфическое обозначение материала и объем | 160 с. |
| Другие сведения о физической характеристике | ил., табл. |
| Размеры | 20 |
| 300 ## - ОБЩИЕ ПРИМЕЧАНИЯ | |
| Текст примечания | В вып. дан. авт.: Бирюков В. А., доц., к. э. н.,, Баронин М. С., магистр |
| 320 ## - ПРИМЕЧАНИЯ О НАЛИЧИИ В ДОКУМЕНТЕ БИБЛИОГРАФИИ / УКАЗАТЕЛЯ | |
| Текст примечания | Библиогр.: с. 104-107 (50 назв.) и в подстроч. примеч. |
| 606 ## - НАИМЕНОВАНИЕ ТЕМЫ КАК ПРЕДМЕТ | |
| Наименование темы | Предприятия |
| Тематический подзаголовок | Интеллектуальный капитал |
| -- | Управление |
| Системный номер авторитетной/нормативной записи | 2551132 |
| Идентификатор авторитетной/нормативной записи | RU\NLR\AUTH\661509584 |
| 606 1# - НАИМЕНОВАНИЕ ТЕМЫ КАК ПРЕДМЕТ | |
| Наименование темы | Предприятия |
| Тематический подзаголовок | Интеллектуальный капитал |
| -- | Оценка |
| Системный номер авторитетной/нормативной записи | 2553626 |
| Идентификатор авторитетной/нормативной записи | RU\NLR\AUTH\661510923 |
| 606 ## - НАИМЕНОВАНИЕ ТЕМЫ КАК ПРЕДМЕТ | |
| Наименование темы | Средства массовой информации |
| Тематический подзаголовок | Управление |
| Географический подзаголовок | Российская Федерация |
| Системный номер авторитетной/нормативной записи | 2281203 |
| Идентификатор авторитетной/нормативной записи | RU\NLR\AUTH\661366725 |
| 610 0# - НЕКОНТРОЛИРУЕМЫЕ ПРЕДМЕТНЫЕ ТЕРМИНЫ | |
| Предметный термин | интеллектуальный капитал средств массовой информации - управление |
| 686 ## - ИНДЕКСЫ ДРУГИХ КЛАССИФИКАЦИЙ | |
| Индекс | Ч612.4(2Р)к,0 |
| Код системы | |
| 686 ## - ИНДЕКСЫ ДРУГИХ КЛАССИФИКАЦИЙ | |
| Индекс | Ч630.4(2Р)к,0 |
| Код системы | |
| 686 1# - ИНДЕКСЫ ДРУГИХ КЛАССИФИКАЦИЙ | |
| Индекс | У9(2)-14(2Р) |
| 686 1# - ИНДЕКСЫ ДРУГИХ КЛАССИФИКАЦИЙ | |
| Индекс | Ч600.4(2Р)к |
| 700 #1 - ИМЯ ЛИЦА - ПЕРВИЧНАЯ ОТВЕТСТВЕННОСТЬ | |
| Начальный элемент ввода | Бирюков |
| Часть имени, кроме начального элемента ввода | В. А. |
| Дополнения к именам, кроме дат | канд. экон. наук |
| Расширение инициалов личного имени | Владимир Александрович |
| Системный номер авторитетной/нормативной записи | 214170 |
| Идентификатор авторитетной/нормативной записи | RU\NLR\AUTH\770214226 |
| 701 #1 - ИМЯ ЛИЦА - АЛЬТЕРНАТИВНАЯ ОТВЕТСТВЕННОСТЬ | |
| Начальный элемент ввода | Баронин |
| Часть имени, кроме начального элемента ввода | М. С. |
| Расширение инициалов личного имени | Михаил Сергеевич |
| 942 ## - ДОПОЛНИТЕЛЬНЫЕ ЭЛЕМЕНТЫ ЗАПИСИ (АБИС) | |
| Тип экземпляра АБИС | Книга |
| 980 ## - КОЛЛЕКЦИЯ | |
| Название коллекции | НБР |
Нет доступных экземпляров.